000 01549nac a22003851i 4500
003 EG-ScBUE
005 20260105103747.0
008 260105t2005 nyua g 001 0 eng d
020 _a047116433X
020 _a9780471164333
040 _aEG-ScBUE
_beng
_erda
_cEG-ScBUE
_dEG-ScBUE
082 0 4 _a530.12
_bCOH
_222
100 1 _aCohen-Tannoudji, Claude,
_eauthor.
245 1 0 _aQuantum mechanics.
_nvolume 1 /
_cClaude Cohen-Tannoudji, Bernard Diu, Franck Laloe ; translated from the French by Susan Reid Hemley, Nicole Ostrowsky, Dan Ostrowsky.
264 1 _aNew York :
_bWiley,
_c[2005]
264 4 _cc2005
300 _axv, 898 pages :
_billustrations ;
_c25 cm.
336 _2rdacontent
_atext
_btxt
337 _aunmediated
_2rdamedia
_bn
338 _avolume
_bnc
_2rdacarrier
490 0 _aTextbook physics
500 _aIncludes index.
546 _aText in English ; translated from the original French language.
650 7 _aQuantum theory.
_2BUEsh
655 _vReading book
700 1 _aDiu, Bernard,
_eauthor.
700 1 _aLaloe, Franck,
_d1940-
_eauthor.
700 1 _aHemley, Susan Reid,
_etranslator.
700 1 _aOstrowsky, Nicole,
_etranslator.
700 1 _aOstrowsky, Dan,
_etranslator.
856 4 1 _3Table of contents only
_uhttp://www.loc.gov/catdir/toc/wiley023/76005874.html
856 4 1 _3Contributor biographical information
_uhttp://www.loc.gov/catdir/enhancements/fy0607/76005874-b.html
856 4 1 _3Publisher description
_uhttp://www.loc.gov/catdir/enhancements/fy0607/76005874-d.html
942 _cBB
_2ddc
999 _c1363
_d1363